000 00532nam a2200193Ia 4500
005 20250326141130.0
008 250326s9999 xx 000 0 und d
020 _a0 7494 1702 1
037 _aTextbook
040 _aFMSL
_beng
_cFMSL
041 _aeng
_2eng
084 _aX:89Q8 N5
_qFMSL
100 _aBrelin H K
_9743774
245 0 _aFocused quality: managing for results
_cBrelin H K
260 _aLondon
_bLondon, Kogan Page
_c1995
300 _a207p
942 _cTB
_hX:89Q8 N5
999 _c1288843
_d1288843